Devine l'arrondissement de Paris - Statistiques

Statistiques générales
  • Ce quiz a été pris 266 fois
  • Le résultat moyen est 19 sur 20
Statistiques - réponses
Indice Numéro de l'arrondissement % Correct
J'abrite le célèbre musée du Louvre et le jardin des Tuileries 1
99%
Je suis connu comme le plus petit arrondissement de Paris, je suis le coeur de la Bourse de Paris 2
98%
J'héberge le quartier historique du Marais, connu pour ses hotels particuliers et sa vie nocturne animée 3
97%
On y trouve la cathédrale Notre Dame et l' ile Saint Louis 4
97%
Connu comme le quartier latin, je suis le centre de la vie académique avec la Sorbonne 5
97%
C'est ici que se situe la Tour Eiffel, emblème de Paris 7
97%
J'abrite les Catacombes de Paris et la Tour Montparnasse 14
96%
Je suis réputé pour mes grands magasins comme les Galeries Lafayette et le Printemps 9
96%
Je suis l'arrondissement le plus peuplé de Paris, j'offre une vue imprenable sur la ville depuis le parc André Citroen 15
95%
Je suis connu pour le cimetière du Père Lachaise, ou reposent de nombreuses célebrités 20
95%
J'abrite le célèbre café littéraire Les Deux Magots et le jardin du Luxembourg 6
95%
Je suis connu pour le quartier branché d'Oberkampf et ses nombreux bars et clubs 11
94%
Je suis connu pour mon quartier asiatique, le plus grand d'Europe 13
94%
Je suis un quartier en pleine transformation, avec le nouveau quartier Clichy-Batignolles 17
94%
Je suis un des quartiers les plus emblématiques de Paris, Montmartre, avec sa basilique du Sacré-Coeur 18
94%
J'abrite le parc des Buttes-Chaumont et la cité des Sciences et de l'Industrie 19
94%
Je suis caractérisé par mes deux grandes gares, la gare du Nord et la Gare de l'Est 10
93%
J'abrite l'opéra moderne de la Bastille et le bois de Vincennes 12
93%
Je suis connu pour mes institutions culturelles comme le Palais de Tokyo et le musée Marmottan Monet 16
92%
8
92%
Aucun quiz correspondant
Distribution des résultats
% des personnes avec chaque résultat
Percentile par nombre de réponses
Votre historique - résultats
Vous n’avez pas pris ce quiz